[Event "1st Misr Closed"]
[Site "Cairo EGY"]
[Date "2003.09.07"]
[Round "8"]
[White "Ezat,M"]
[Black "Kosten,A"]
[Result "0-1"]
[WhiteElo "2410"]
[BlackElo "2514"]

1.d4 Nf6 2.c4 e6 3.Nc3 Bb4 4.f3 c5 5.a3 Bxc3+ 6.bxc3 d6 7.e4 Nc6 8.Be3 b6
9.Bd3 Na5 10.Ne2 Ba6 11.O-O Nd7 12.Bf4 Qc7 13.Qa4 O-O-O 14.Rfb1 Ne5 15.Bc2 Bxc4
16.Nc1 Ng6 17.Bg5 f6 18.Be3 Qd7 19.Qxd7+ Rxd7 20.a4 Ne7 21.Nd3 Rc7 22.Ne1 cxd4
23.cxd4 Kd7 24.Bd2 Nec6 25.Bc3 Nb7 26.Kf2 e5 27.dxe5 dxe5 28.Rd1+ Kc8 29.g3 Nc5
30.f4 exf4 31.gxf4 Re8 32.e5 fxe5 33.fxe5 Rf7+ 34.Kg2 Nxe5 35.Bxh7 Ng4 36.Bd4 Re2+
37.Kg3 Ne3 38.Bxc5 Nxd1 39.Rxd1 bxc5 40.Bg8 Re3+ 41.Kg2 Bf1+ 42.Kg1 Be2 43.Rc1 Rc7
44.Ng2 Re8 45.Bh7 g5 46.Bf5+ Kb8 47.Kf2 Ba6 48.Ne3 Rce7 49.Rc3 Bb7 50.Bg4 Re4
51.h3 Rf4+ 52.Kg3 Rxa4 53.Bd7 Rxe3+ 54.Rxe3 Rd4 55.Bf5 a5 56.Re8+ Ka7 57.Rg8 a4
58.Rxg5 Rd5 59.Kf4 a3 60.Rg1 Rd4+ 61.Ke5 Bd5 62.Ra1 a2 63.h4 Bb3 64.Be6 Bxe6
65.Kxe6 Rd2 66.h5 Kb6 67.h6 Rh2 68.h7 Kb5 69.Kd5 Rxh7 70.Rxa2 Rd7+ 71.Ke4 c4
72.Rb2+ Ka4 73.Rb8 c3 74.Ra8+ Kb3 75.Rb8+ Ka2 76.Ra8+ Kb2 77.Rb8+ Kc1 78.Ke3 c2
79.Rh8 Rb7 80.Kd3 Kb1  0-1

[Event "V Open"]
[Site "Sants ESP"]
[Date "2003.09.07"]
[Round "9"]
[White "Hillarp Persson,T"]
[Black "Ikonnikov,V"]
[Result "1/2-1/2"]
[WhiteElo "2498"]
[BlackElo "2546"]

1.d4 Nf6 2.c4 e6 3.Nc3 Bb4 4.f3 d5 5.a3 Bxc3+ 6.bxc3 c5 7.cxd5 Nxd5 8.dxc5 Qa5
9.e4 Nf6 10.Be3 Nfd7 11.Kf2 O-O 12.Rb1 Rd8 13.Qb3 Qc7 14.Rd1 Rf8 15.Qb4 Nc6
16.Qa4 Nce5 17.Qd4 Nc6 18.Qd6 Qa5 19.Qg3 Nxc5 20.Ne2 f5 21.exf5 Rxf5 22.Kg1 e5
23.h4 Be6 24.h5 Bb3 25.Rd6 Rf7 26.h6 g6 27.Rh5 Nd7 28.Rg5 Qxa3 29.Rxd7 Rxd7
30.Rxg6+ hxg6 31.Qxg6+ Kh8 32.Qf6+ Kg8 33.Qg6+ Kh8 34.Qf6+  1/2-1/2

[Event "TCh-CRO"]
[Site "Rabac CRO"]
[Date "2003.09.08"]
[Round "2"]
[White "Martic,Z"]
[Black "Zaja,I"]
[Result "0-1"]
[WhiteElo "2264"]
[BlackElo "2430"]

1.d4 Nf6 2.c4 e6 3.Nc3 Bb4 4.f3 d5 5.a3 Bxc3+ 6.bxc3 c5 7.e3 O-O 8.cxd5 Nxd5
9.Bd2 Nc6 10.Bd3 cxd4 11.cxd4 e5 12.e4 Nf4 13.Bxf4 exf4 14.d5 Qh4+ 15.Kf1 Ne5
16.g3 fxg3 17.Kg2 f5 18.hxg3 Qf6 19.Ra2 Nxd3 20.Qxd3 fxe4 21.fxe4 Bg4 22.e5 Qf5
23.Qd4 Rac8 24.Rh4 h5 25.Nh3 Qf1+ 26.Kh2 Bxh3 27.Rf4 Rxf4 28.Qxf4 Qxf4 29.gxf4 Bf5
30.Kg3 Kf7 31.Re2 Rc2 32.e6+ Ke8 33.Re5 g6 34.d6 Rd2  0-1

[Event "1st ch-Mediterranean"]
[Site "Beruit LIB"]
[Date "2003.09.28"]
[Round "3"]
[White "Abdel Razik,K"]
[Black "Van Hoolandt,P"]
[Result "1-0"]
[WhiteElo "2391"]
[BlackElo "2301"]

1.d4 Nf6 2.c4 e6 3.Nc3 Bb4 4.f3 d5 5.a3 Bxc3+ 6.bxc3 c5 7.e3 O-O 8.cxd5 Nxd5
9.Bd2 cxd4 10.cxd4 Nc6 11.f4 b6 12.Nf3 Bb7 13.Bd3 Qd6 14.O-O f5 15.Qb3 Nxf4
16.exf4 Nxd4 17.Qb4 Nxf3+ 18.Rxf3 Rfd8 19.Rg3 Rac8 20.Qxd6 Rxd6 21.Rc1 Rxc1+
22.Bxc1 Be4 23.Bxe4 Rd1+ 24.Kf2 Rxc1 25.Bd3  1-0

[Event "ECC"]
[Site "Rethymnon GRE"]
[Date "2003.09.28"]
[Round "1"]
[White "Halldorsson,Br"]
[Black "Socko,B"]
[Result "0-1"]
[WhiteElo "2238"]
[BlackElo "2551"]

1.d4 Nf6 2.c4 e6 3.Nc3 Bb4 4.f3 d5 5.a3 Bxc3+ 6.bxc3 c5 7.cxd5 Nxd5 8.Qd3 b6
9.e4 Ba6 10.Qc2 Bxf1 11.Kxf1 Ne7 12.dxc5 bxc5 13.Ne2 Nd7 14.g3 Qa5 15.Kg2 O-O
16.Rd1 Ne5 17.Rb1 Qa6 18.a4 Rab8 19.Be3 Nc4 20.Qd3 Nxe3+ 21.Qxe3 Rxb1 22.Rxb1 Rc8
23.Rb5 h6 24.c4 Qxa4 25.Rxc5 Qb4 26.Rxc8+ Nxc8 27.Qd4 Qd6 28.Qe3 Qb4 29.c5 a5
30.Qc3 Qxc3 31.Nxc3 Kf8 32.Kf2 Ke7 33.Ke3 Kd7 34.Kd4 Kc6 35.e5 Ne7 36.Kc4 Nd5
37.Ne2 Ne3+ 38.Kd4 Nf1 39.Kc4 Nd2+ 40.Kd3 Nxf3 41.Ke4 Nxh2  0-1

[Event "ECC"]
[Site "Rethymnon GRE"]
[Date "2003.09.28"]
[Round "1"]
[White "Cekro,E"]
[Black "Volkov,S"]
[Result "1-0"]
[WhiteElo "2441"]
[BlackElo "2620"]

1.d4 Nf6 2.c4 e6 3.Nc3 Bb4 4.f3 c5 5.d5 O-O 6.Bd2 d6 7.e4 Re8 8.Nge2 Na6
9.Ng3 Nc7 10.Be2 a6 11.a4 Bd7 12.O-O Qe7 13.Re1 exd5 14.cxd5 b5 15.Kh1 bxa4
16.Nxa4 Bxd2 17.Qxd2 Reb8 18.Nxc5 dxc5 19.d6 Qe5 20.f4 Qxb2 21.Qxb2 Rxb2
22.dxc7 Rc8 23.e5 Ne8 24.Bxa6 Rxc7 25.Bc4 Bc6 26.Re2 Rcb7 27.Kg1 Rxe2 28.Bxe2  1-0

[Event "FSIM October"]
[Site "Budapest HUN"]
[Date "2003.10.10"]
[Round "7"]
[White "Babos,C"]
[Black "Kaposztas,M"]
[Result "1/2-1/2"]
[WhiteElo "2274"]
[BlackElo "2309"]

1.d4 Nf6 2.c4 e6 3.Nc3 Bb4 4.f3 d5 5.a3 Be7 6.e4 c6 7.e5 Nfd7 8.f4 dxc4 9.Bxc4 Nb6
10.Ba2 Nd5 11.Nf3 Na6 12.O-O Bd7 13.Ng5 g6 14.Nge4 Nac7 15.f5 exf5 16.Nd6+ Bxd6
17.exd6 Ne6 18.Bxd5 cxd5 19.Nxd5 Bc6 20.Nc7+ Nxc7 21.dxc7 Qxc7 22.d5 O-O-O
23.Bf4 Qb6+ 24.Kh1 Rxd5 25.Qc2 Re8  1/2-1/2

[Event "ch-Africa"]
[Site "Abuja NGR"]
[Date "2003.10.15"]
[Round "7"]
[White "Ezat,M"]
[Black "Arab,A"]
[Result "0-1"]
[WhiteElo "2405"]
[BlackElo "2241"]

1.d4 Nf6 2.c4 e6 3.Nc3 Bb4 4.f3 d5 5.a3 Bxc3+ 6.bxc3 c5 7.cxd5 Nxd5 8.Qd3 O-O
9.e4 Ne7 10.Be3 cxd4 11.cxd4 b6 12.Be2 Ba6 13.Qb3 Bxe2 14.Nxe2 Nbc6 15.O-O Na5
16.Qd3 Rc8 17.Rfc1 Qd7 18.Bd2 Nac6 19.Bc3 Rfd8 20.Qe3 h6 21.h4 Qd6 22.g4 Na5
23.Bxa5 bxa5 24.Rxc8 Rxc8 25.Rc1 Rd8 26.h5 Qb6 27.Kf2 a4 28.Rc4 Qa6 29.Qc3 Rb8
30.Rc7 Rb3 31.Qc1 Qd6 32.e5 Qd5 33.Rxe7 Rxf3+ 34.Ke1 Qa5+ 35.Nc3 Rxc3 36.Qd2 Rc1+
37.Ke2 Qb5+ 38.Kf2 Qf1+ 39.Kg3 Qg1+ 40.Kf4 Rf1+ 41.Ke4 Qxg4+ 42.Kd3 Rd1  0-1

[Event "Classics II GM"]
[Site "Gausdal NOR"]
[Date "2003.10.25"]
[Round "6"]
[White "Heim,S"]
[Black "Tallaksen,G"]
[Result "1/2-1/2"]
[WhiteElo "2379"]
[BlackElo "2327"]

1.d4 Nf6 2.c4 e6 3.Nc3 Bb4 4.f3 d5 5.a3 Bxc3+ 6.bxc3 c5 7.cxd5 Nxd5 8.dxc5 Qa5
9.e4 Ne7 10.Be3 O-O 11.Qb3 Qc7 12.Nh3 e5 13.Nf2 Nec6 14.Nd3 Be6 15.Qc2 Na5
16.Nb4 Nd7 17.Nd5 Bxd5 18.exd5 Nxc5 19.Rb1 Nd7 20.c4 Nb6 21.Rb5 Nbxc4 22.Bd2 Rac8
23.Bxa5 Qd7 24.Qb3 Nxa5 25.Rxa5 Qc7 26.Ra4 Qc1+ 27.Kf2 Rc2+ 28.Kg3 f5 29.Kh3 e4
30.d6+ Kh8 31.Qe6 Qg5 32.Qe7 Qh6+ 33.Qh4 Qxd6 34.fxe4 f4 35.Ra5 Rf6 36.Rh5 Qe6+
37.Qg4 Qxe4 38.Qd7 Rc3+ 39.g3 Rxg3+ 40.hxg3 Qxh1+ 41.Kg4 Rg6+ 42.Rg5 h5+
43.Kf5 Rxg5+ 44.Kxg5 Qxf1  1/2-1/2

[Event "ch-UKR"]
[Site "Simferopol UKR"]
[Date "2003.11.05"]
[Round "2"]
[White "Derjabin,I"]
[Black "Nosenko,A"]
[Result "0-1"]
[WhiteElo "2393"]
[BlackElo "2505"]

1.d4 Nf6 2.c4 e6 3.Nc3 Bb4 4.f3 O-O 5.a3 Bxc3+ 6.bxc3 Ne8 7.c5 b6 8.cxb6 axb6
9.e4 Nc6 10.Nh3 Ba6 11.Bxa6 Rxa6 12.O-O Qa8 13.e5 Na5 14.Qc2 Nc4 15.Rd1 c6
16.Qf2 b5 17.Qh4 f6 18.Qg3 Nxa3 19.exf6 Rxf6 20.Ng5 Nc4 21.Rxa6 Qxa6 22.Qh4 Rh6
23.Qf4 Ncd6 24.Ne4 Nxe4 25.fxe4 Rf6 26.Qb8 Rf8 27.Rf1 Qa1 28.Rxf8+ Kxf8 29.Qf4+ Kg8
30.h3 Qxc3 31.Be3 Nf6 32.Kh2 Qd3 33.Qb8+ Kf7 34.Bf4 Qxd4 35.Bd6 Qxe4  0-1

[Event "FSIM November"]
[Site "Budapest HUN"]
[Date "2003.11.08"]
[Round "8"]
[White "Babos,C"]
[Black "Lengyel,B"]
[Result "0-1"]
[WhiteElo "2274"]
[BlackElo "2324"]

1.d4 Nf6 2.c4 e6 3.Nc3 Bb4 4.f3 d5 5.a3 Bxc3+ 6.bxc3 c5 7.cxd5 exd5 8.e3 O-O
9.Bd3 b6 10.Ne2 Ba6 11.Bxa6 Nxa6 12.O-O Re8 13.Qd3 Nb8 14.Ng3 Nc6 15.Bb2 Rc8
16.Rad1 cxd4 17.cxd4 Na5 18.e4 Nc4 19.Bc1 b5 20.e5 Nd7 21.f4 Qb6 22.Kh1 Qc6
23.f5 f6 24.e6 Ndb6 25.Nh5 Re7 26.Qf3 Rf8 27.Nf4 Nd6 28.Qh3 Qc2 29.Rd3 Ne4
30.Qxh7+ Kxh7 31.Rh3+ Kg8 32.Ng6 Nf2+  0-1

[Event "ch-UKR w"]
[Site "Nikolaev UKR"]
[Date "2003.11.09"]
[Round "6"]
[White "Alexanian,N"]
[Black "Gutsko,A"]
[Result "1-0"]
[WhiteElo "2178"]
[BlackElo "2203"]

1.d4 Nf6 2.c4 e6 3.Nc3 Bb4 4.f3 d5 5.a3 Bxc3+ 6.bxc3 h6 7.cxd5 exd5 8.e3 Bf5
9.Ne2 O-O 10.g4 Bh7 11.Ng3 c5 12.h4 cxd4 13.cxd4 Nc6 14.g5 Qd6 15.Kf2 Nd7
16.gxh6 gxh6 17.Bd3 f5 18.Nh5 Kh8 19.Nf4 Rg8 20.Qb3 Nb6 21.Bd2 Nd8 22.Bb4 Qd7
23.Ba5 Ne6 24.Nh5 Qf7 25.Bxb6 axb6 26.Qxd5 Ra5 27.Qc4 Bg6 28.d5 Bxh5 29.dxe6 Qg7
30.Rhg1 Qb2+ 31.Be2 Re8 32.Rab1 Qe5 33.Rxb6 Rd5 34.e7 Kh7 35.Rxb7 Bf7 36.Qf4 Qf6
37.Qg3 Rd2 38.Rb6 Qc3 39.Rxh6+ Kxh6 40.Qg5+ Kh7 41.Qxf5+ Kh8 42.Qxf7 Rxe2+
43.Kxe2 Qxe3+ 44.Kf1 Qe2+ 45.Kxe2 Rxe7+ 46.Kf2 Rxf7 47.a4 Ra7 48.Rg4 Kh7
49.Ke3  1-0

[Event "7th Cup IM"]
[Site "Paks HUN"]
[Date "2003.11.21"]
[Round "3"]
[White "Himanshu,K"]
[Black "Szuhanek,R"]
[Result "1/2-1/2"]
[WhiteElo "2051"]
[BlackElo "2455"]

1.d4 Nf6 2.c4 e6 3.Nc3 Bb4 4.f3 d5 5.a3 Bxc3+ 6.bxc3 c5 7.cxd5 exd5 8.e3 O-O
9.Bd3 Re8 10.Ne2 b6 11.O-O Ba6 12.Ng3 Bxd3 13.Qxd3 Nc6 14.Bd2 Rc8 15.Rae1 Rc7
16.Bc1 Re6 17.Re2 h5 18.Rd1 Rd7 19.Bb2 h4 20.Nf1 Nh5 21.Qf5 g6 22.Qc2 Qe7
23.Red2 cxd4 24.cxd4 Na5 25.Rd3 Rc7 26.Qf2 Rec6 27.g4 hxg3 28.hxg3 Rc2 29.R3d2 Rxd2
30.Rxd2 Nc4 31.Rd3 Rc6 32.Rc3 b5 33.Bc1 a5 34.Qa2 Qd6 35.g4 b4 36.Rb3 Ng3
37.axb4 Nxf1 38.b5 Ncd2 39.Bxd2 Qh2+ 40.Kxf1 Rc1+ 41.Bxc1 Qxa2 42.Rc3 Qb1
43.Rc5 a4 44.Ke2 a3 45.Bxa3 Qa2+ 46.Kf1 Qxa3 47.Kf2 Qb3 48.b6 Qxb6 49.Rxd5 Qb2+
50.Kg3 f6 51.e4 Qc1 52.Kg2 Qd2+ 53.Kf1 Qe3 54.Kg2 Qe2+ 55.Kg3 Qf1 56.g5 Qg1+
57.Kf4 fxg5+ 58.Rxg5 Qh2+ 59.Kg4 Kf7 60.Rd5 Qg1+ 61.Kf4 Qh2+ 62.Ke3 Kf6 63.e5+ Kf5
64.Rd6 Qg1+ 65.Ke2 Kg5 66.Kd3 Qf1+ 67.Ke3 Qc1+ 68.Ke2 Kh4 69.Kd3 Qb1+ 70.Ke3 Qb3+
71.Ke4 Qb1+ 72.Ke3 Qc1+ 73.Kd3 g5 74.Rf6 Kg3 75.Ke4 Qc4 76.e6 Kf2 77.Kf5 Qd5+
78.Kg6 Kg3 79.Kf7 Qxd4 80.e7 Qd5+ 81.Kf8 Qc5 82.Kf7 Qc4+ 83.Kf8 Qc5 84.Kf7 Qc4+
85.Kf8  1/2-1/2

[Event "7th Cup IM"]
[Site "Paks HUN"]
[Date "2003.11.23"]
[Round "5"]
[White "Himanshu,K"]
[Black "Fodor,T jr"]
[Result "1/2-1/2"]
[WhiteElo "2051"]
[BlackElo "2137"]

1.d4 Nf6 2.c4 e6 3.Nc3 Bb4 4.f3 Bxc3+ 5.bxc3 d5 6.cxd5 exd5 7.e3 O-O 8.Bd3 Nh5
9.Ne2 Qh4+ 10.g3 Qh3 11.Kf2 c6 12.Qf1 Qd7 13.g4 Nf6 14.Ng3 Qc7 15.g5 Nfd7
16.Nf5 Re8 17.h4 c5 18.Bd2 Nc6 19.Qg2 c4 20.Bc2 Nf8 21.Qg3 Qa5 22.a4 Bxf5
23.Bxf5 Re7 24.h5 Rae8 25.Rhe1 g6 26.Bc2 a6 27.Qf4 Ne6 28.Qg3 Ng7 29.h6 Ne6
30.Kf1 Nf8 31.Qf4 Nd8 32.Reb1 Nde6 33.Qg3 Rd8 34.Kf2 Rde8 35.Kf1 Rd8 36.Kf2 Rde8
37.Kf1  1/2-1/2

[Event "7th Cup GM"]
[Site "Paks HUN"]
[Date "2003.11.23"]
[Round "5"]
[White "Sriram,J"]
[Black "Papp,Ga"]
[Result "0-1"]
[WhiteElo "2458"]
[BlackElo "2432"]

1.d4 Nf6 2.c4 e6 3.Nc3 Bb4 4.f3 d5 5.a3 Bxc3+ 6.bxc3 c5 7.cxd5 Nxd5 8.dxc5 O-O
9.e4 Nf6 10.Qxd8 Rxd8 11.Be3 Nc6 12.Rd1 Rxd1+ 13.Kxd1 e5 14.Bb5 Na5 15.Ne2 Be6
16.Kc2 Bb3+ 17.Kb1 Rc8 18.Nc1 a6 19.Be2 Kf8 20.g4 Ke7 21.Bg5 Rxc5 22.Nd3 Rxc3
23.Bd2 Bc2+ 24.Ka2 Bxd3 25.Bxc3 Bxe2 26.g5 Nc4 27.gxf6+ gxf6 28.Bb4+ Ke6
29.Rc1 b5 30.Rc3 a5 31.Bf8 a4 32.Bh6 f5 33.exf5+ Kxf5 34.Kb1 Ke6 35.Bc1 f5
36.f4 e4 37.Rg3 Bd3+ 38.Ka2 Kd5 39.Rh3 Kd4 40.Rxh7 e3 41.Rd7+ Kc3 42.Bxe3 Nxe3
43.h4 Bc4+ 44.Kb1 b4 45.axb4 a3 46.Ra7 a2+ 47.Kc1 Nc2 48.h5 a1=Q+ 49.Rxa1 Nxa1
50.h6 Bg8 51.b5 Nb3+ 52.Kd1 Nc5 53.Ke2 Kd4 54.Kf3 Bh7 55.b6 Nb7  0-1

[Event "Gufeld Memorial"]
[Site "Burbank USA"]
[Date "2003.11.25"]
[Round "7"]
[White "Kretchetov,A"]
[Black "Yegiazarian,A"]
[Result "0-1"]
[WhiteElo "2360"]
[BlackElo "2521"]

1.d4 Nf6 2.c4 e6 3.Nc3 Bb4 4.f3 d5 5.a3 Bxc3+ 6.bxc3 c6 7.e3 O-O 8.Bd3 b6
9.Ra2 Ba6 10.cxd5 cxd5 11.Rf2 Bxd3 12.Qxd3 Nc6 13.Ne2 Rc8 14.O-O Na5 15.e4 Ne8
16.e5 Qd7 17.f4 f5 18.exf6 Nxf6 19.Ng3 Nc4 20.Re2 Nd6 21.Re5 Nfe4 22.Nxe4 Nxe4
23.Bd2 Rf5 24.Be1 Rxe5 25.dxe5 Qc7 26.Qh3 Re8 27.a4 Qc5+ 28.Kh1 Qc4 29.Kg1 g6
30.g4 Qxa4 31.f5 exf5 32.gxf5 Rxe5 33.fxg6 hxg6 34.Rf8+ Kxf8 35.Qh8+ Kf7
36.Qxe5 Qd7 37.h3 Qd6 38.Qh8 Ng5 39.h4 Nf3+ 40.Kf2 Nxe1 41.Qh7+ Ke8  0-1

[Event "22nd SEA Games Team Standard"]
[Site "Ho Chi Minh City VIE"]
[Date "2003.12.07"]
[Round "3"]
[White "Dao Thien Hai"]
[Black "Wu Shaobin"]
[Result "1/2-1/2"]
[WhiteElo "2590"]
[BlackElo "2528"]

1.d4 Nf6 2.c4 e6 3.Nc3 Bb4 4.f3 d5 5.a3 Bxc3+ 6.bxc3 c5 7.cxd5 Nxd5 8.Qd3 O-O
9.e4 Ne7 10.dxc5 Qa5 11.Qc4 Nd7 12.Be3 Nc6 13.Nh3 Qc7 14.Be2 Na5 15.Qb4 Nc6
16.Qb5 a6 17.Qa4 Na5 18.Rb1 Nxc5 19.Qb4 Nd7 20.O-O Nc6 21.Qb2 Na5 22.Qb4 Nc6
23.Qa4 b5 24.Qc2 Nb6 25.Nf2 Na5 26.Bxb6 Qxb6 27.a4 Bd7 28.Rfd1 Bc6 29.Qb2 Qc7
30.axb5 axb5 31.Qb4 Rfc8 32.Ra1 Be8 33.Rdc1 Nc6 34.Qb2 Rxa1 35.Rxa1 Ne5 36.Qb4 Qxc3  1/2-1/2

[Event "TCh-BEL 2003-4"]
[Site "Belgium BEL"]
[Date "2003.12.08"]
[Round "4"]
[White "Meessen,R"]
[Black "Gulbas,C"]
[Result "0-1"]
[WhiteElo "2291"]
[BlackElo "2350"]

1.d4 Nf6 2.c4 e6 3.Nc3 Bb4 4.f3 c5 5.d5 exd5 6.cxd5 d6 7.e4 O-O 8.Bg5 h6
9.Be3 Re8 10.Ne2 Nbd7 11.Ng3 Ne5 12.Bb5 Re7 13.Be2 a6 14.O-O Ba5 15.h3 Ng6
16.a4 Re8 17.Qc1 Qe7 18.Rd1 Bd7 19.Bf1 Nh7 20.Kh2 Ng5 21.Be2 Nh4 22.f4 Bxc3
23.fxg5 Be5 24.Bd3 h5 25.Bf4 Ng6 26.Nxh5 Nxf4 27.Nxf4 Qxg5 28.g3 Qf6 29.Ra2 Kf8
30.Rf1 Qh6 31.h4 Ke7 32.b3 Rh8 33.Raf2 Raf8 34.Ng2 g5 35.Kg1 gxh4 36.Qxh6 Rxh6
37.gxh4 Bd4 38.Kh2 Be5+ 39.Kh1 f6 40.Rf3 Rg8 41.Be2 Bg3 42.Rf4 Bh3 43.Rg1 Rhh8
44.Rf3 Bd7 45.Rxg3 Rxg3 46.Rb1 Rhg8 47.Nf4 Bg4 48.Bf1 Bf3+ 49.Kh2 R3g4 50.Nd3 Rxh4+
51.Bh3 Rg2+ 52.Kh1 Rxh3+  0-1

[Event "22nd SEA Games Standard"]
[Site "Ho Chi Minh City VIE"]
[Date "2003.12.10"]
[Round "5"]
[White "Dao Thien Hai"]
[Black "Zaw Win Lay"]
[Result "1/2-1/2"]
[WhiteElo "2590"]
[BlackElo "2497"]

1.d4 Nf6 2.c4 e6 3.Nc3 Bb4 4.f3 d5 5.a3 Bxc3+ 6.bxc3 c5 7.e3 O-O 8.cxd5 exd5
9.Bd3 b6 10.Ne2 Ba6 11.Bb1 Re8 12.O-O Nc6 13.Re1 Bxe2 14.Rxe2 Rc8 15.Bd3 Na5
16.a4 cxd4 17.cxd4 Nc4 18.Qb3 g6 19.Rb1 Re6 20.Qb4 Qd7 21.Kf2 Qc7 22.Kg1 Qd7
23.Ra1 Qe8 24.e4 dxe4 25.Bxc4 Rec6 26.Rc2 exf3 27.gxf3 a5 28.Bxf7+ Kxf7 29.Qb3+ Kg7
30.Rxc6 Qe1+ 31.Kg2 Qe2+ 32.Kh3 Rxc6 33.Qe3 Qxe3 34.Bxe3 Rc3 35.Bf2 Rxf3+
36.Kg2 Rf5 37.Bg3 Nd5 38.Be5+ Kf7 39.Rc1 g5 40.Rc6 h5 41.h3 h4 42.Kh2 Ne3
43.Rxb6 Rf2+ 44.Kg1 Rf1+ 45.Kh2  1/2-1/2

[Event "ch-IND National A"]
[Site "Calicut IND"]
[Date "2003.12.13"]
[Round "14"]
[White "Sriram,J"]
[Black "Das,A"]
[Result "0-1"]
[WhiteElo "2458"]
[BlackElo "2299"]

1.d4 Nf6 2.c4 e6 3.Nc3 Bb4 4.f3 c5 5.d5 b5 6.e4 bxc4 7.Bxc4 Bb7 8.Bg5 h6
9.Bh4 exd5 10.exd5 O-O 11.Ne2 d6 12.O-O Nbd7 13.Ne4 g5 14.Bg3 Nxe4 15.fxe4 Qe7
16.Qc2 Rae8 17.Bd3 f5 18.exf5 Bxd5 19.Nc3 Bxc3 20.Qxc3 Qe3+ 21.Bf2 Qe5 22.Bb5 Qxf5
23.Rad1 Nb6 24.Bxe8 Rxe8 25.Qg3 Re2 26.Qxd6 Qe4 27.Qb8+ Kh7 28.Qxa7+ Bb7
29.Qxb7+ Qxb7 30.Rd6 Nc4 31.Rd3 Ne5 32.Rg3 Qd5 33.Rc3 Nd3 34.Rb3 Nxf2 35.Rxf2 Re1+  0-1

[Event "22nd SEA Games Standard"]
[Site "Ho Chi Minh City VIE"]
[Date "2003.12.13"]
[Round "9"]
[White "Dao Thien Hai"]
[Black "Adianto,U"]
[Result "0-1"]
[WhiteElo "2590"]
[BlackElo "2581"]

1.d4 Nf6 2.c4 e6 3.Nc3 Bb4 4.f3 d5 5.a3 Bxc3+ 6.bxc3 c5 7.cxd5 exd5 8.e3 O-O
9.Bd3 b6 10.Ne2 Ba6 11.Bxa6 Nxa6 12.Qa4 Nc7 13.dxc5 bxc5 14.O-O Ne6 15.Rd1 Qb6
16.c4 d4 17.Ra2 Rfb8 18.Rc2 h6 19.exd4 cxd4 20.c5 Nxc5 21.Qxd4 Rd8 22.Qxd8+ Rxd8
23.Rxd8+ Qxd8 24.Rxc5 Nd5 25.Kf1 Nb6 26.Be3 Qd3 27.Kf2 Qxa3 28.Rc3 Qd6 29.g3 a5
30.Bc5 Qd8 31.Ra3 Nc4 32.Rc3 Qd5 33.Bd4 a4  0-1

[Event "TCh-BEL 2003-4"]
[Site "Belgium BEL"]
[Date "2003.12.23"]
[Round "5"]
[White "Piceu,T"]
[Black "Michiels,B"]
[Result "1/2-1/2"]
[WhiteElo "2251"]
[BlackElo "2390"]

1.d4 e6 2.c4 Nf6 3.Nc3 Bb4 4.f3 c5 5.d5 Bxc3+ 6.bxc3 Nh5 7.g3 d6 8.e4 e5
9.f4 Nf6 10.Bd3 exf4 11.gxf4 O-O 12.Ne2 Re8 13.Qc2 Qe7 14.Ng3 Nxe4 15.Bxe4 f5
16.O-O fxe4 17.Re1 Bg4 18.Rxe4 Qf8 19.f5 h5 20.Rxe8 Qxe8 21.Bf4 Nd7 22.Bxd6 Qe3+
23.Qf2 Re8 24.Qxe3 Rxe3 25.Rc1 h4 26.Nf1 Re2 27.Bf4 Re4 28.Bd6 Re2 29.Bf4 Re4
30.Bd6 Bxf5 31.Kf2 Nf6 32.Ne3 Ng4+ 33.Nxg4 Bxg4 34.Re1 Rxc4 35.Re8+ Kf7 36.Re7+ Kf6
37.Rxb7 Rxc3 38.Rxa7 c4 39.Be7+ Ke5 40.d6 Rc2+ 41.Kg1 Bh3 42.d7 Rg2+ 43.Kf1 Rd2+
44.Ke1 Rxd7 45.Rxd7  1/2-1/2

[Event "33rd Rilton Cup"]
[Site "Stockholm SWE"]
[Date "2003.12.30"]
[Round "4"]
[White "Hillarp Persson,T"]
[Black "Taimanov,M"]
[Result "1/2-1/2"]
[WhiteElo "2512"]
[BlackElo "2407"]

1.d4 Nf6 2.c4 e6 3.Nc3 Bb4 4.f3 d5 5.a3 Be7 6.cxd5 exd5 7.e4 dxe4 8.fxe4 O-O
9.Nf3 Bg4 10.Be3 Bh5 11.h3 c6 12.g4 Bg6 13.Bd3 b5 14.Qe2 b4 15.axb4 Bxb4
16.Bg5 Nbd7 17.e5 Bxd3 18.Qxd3 Qe8 19.O-O Nd5 20.Nxd5 cxd5 21.Qb3 a5 22.Qxd5 Nb6
23.Qe4 Qe6 24.Rf2 f5 25.gxf5 Rxf5 26.Raf1 Raf8 27.Bc1 h6 28.Qg4 h5 29.Qe4 Be7
30.h4 Qd5 31.Qxd5+ Nxd5 32.Bg5 Bb4 33.e6 Re8 34.Re2 Bd6 35.Nd2 Rxf1+ 36.Kxf1 Bf4
37.Nc4 Bxg5 38.hxg5 Nf4 39.Re4 Nxe6 40.Ke1 Nc7 41.Rxe8+ Nxe8 42.Nxa5 h4 43.Kf2 Kf7
44.Nc4 Nc7 45.Kf3 h3 46.Kg3 Kg6 47.Kxh3 Kxg5 48.Kg3 Kf5 49.Kf3 Nb5 50.Ne3+ Ke6
51.Ke4 Nd6+ 52.Kf4 g5+ 53.Kxg5 Nb5 54.d5+ Ke5 55.Kg6 Ke4 56.Kf6 Kxe3 57.Ke6 Kd4
58.d6 Nxd6 59.Kxd6 Kc4 60.Kc6  1/2-1/2

[Event "Christmas Open"]
[Site "Zurich SUI"]
[Date "2003.12.30"]
[Round "7"]
[White "Hochstrasser,M"]
[Black "Kveinys,A"]
[Result "1-0"]
[WhiteElo "2389"]
[BlackElo "2495"]

1.d4 Nf6 2.c4 e6 3.Nc3 Bb4 4.f3 d5 5.a3 Bxc3+ 6.bxc3 c5 7.e3 O-O 8.cxd5 exd5
9.Bd3 Re8 10.Ne2 b6 11.O-O Ba6 12.Ng3 Bxd3 13.Qxd3 Nc6 14.Ra2 Qd7 15.Re2 cxd4
16.cxd4 Rec8 17.Bb2 Ne7 18.e4 Rc6 19.e5 Ne8 20.f4 f5 21.exf6 Nxf6 22.f5 Rc4
23.Rfe1 Nc6 24.h3 Rf8 25.Re6 Rf7 26.R1e2 Na5 27.Qf3 Rc8 28.Qf4 Qc7 29.Qg5 Rcf8
30.Kh1 h6 31.Qh4 Nb7 32.a4 Nd6 33.Ba3 Rd8 34.Bxd6 Rxd6 35.R2e5 Rc6 36.Nh5 Rc1+
37.Kh2 Rc6 38.Nxf6+ Rxf6 39.Re7 Qd6 40.Qg3 Rf7 41.Re8+  1-0

[Event "Hilton Chess Festival"]
[Site "Basel SUI"]
[Date "2004.01.01"]
[Round "2"]
[White "Perez,Jos SUI"]
[Black "Berzinsh,R"]
[Result "1-0"]
[WhiteElo "2203"]
[BlackElo "2447"]

1.d4 Nf6 2.c4 e6 3.Nc3 Bb4 4.f3 d5 5.a3 Bxc3+ 6.bxc3 c5 7.dxc5 Qa5 8.cxd5 exd5
9.Bg5 Qxc3+ 10.Kf2 Qxc5+ 11.Be3 Qe7 12.Rc1 Nbd7 13.Nh3 O-O 14.Nf4 Re8 15.Bd4 Ne5
16.e3 Qxa3 17.Bc5 Qb2+ 18.Be2 Nc6 19.Nxd5 Nxd5 20.Qxd5 Be6 21.Qg5 f6 22.Qf4 Ne5
23.Qe4 b6 24.Bd4 Qa2 25.Rcd1 Bb3 26.Ra1 Qc2 27.Qxc2 Bxc2 28.Rhc1 Rec8 29.Bxb6 axb6
30.Rxa8 Rxa8 31.Rxc2 Ra7 32.Rc8+ Kf7 33.f4 Nd7 34.Bc4+ Kg6 35.g4 Nc5 36.Kf3 h5
37.gxh5+ Kxh5 38.Rb8 Nd7 39.Bf7+  1-0

[Event "ch-Commonwealth"]
[Site "Mumbai IND"]
[Date "2004.01.11"]
[Round "2"]
[White "Himanshu,K"]
[Black "Satyapragyan,S"]
[Result "0-1"]
[WhiteElo "2076"]
[BlackElo "2369"]

1.d4 Nf6 2.c4 e6 3.Nc3 Bb4 4.f3 Nc6 5.e4 e5 6.Ne2 exd4 7.Nxd4 d6 8.Be3 Bxc3+
9.bxc3 Ne5 10.Be2 O-O 11.O-O Nfd7 12.f4 Ng6 13.g3 Re8 14.Bf3 Nf6 15.Qc2 Qe7
16.Rae1 Bh3 17.Nf5 Qe6 18.Nd4 Qxc4 19.Rf2 Bg4 20.Bg2 Bd7 21.Bc1 Qa4 22.Qb2 c5
23.Nc2 Bc6 24.Rfe2 Nxe4 25.f5 Nf8 26.Bf4 d5 27.Na3 b5 28.Nb1 Qa5 29.Qc2 Rad8
30.h3 Nd7 31.a4 Ndf6 32.g4 bxa4 33.g5 Nh5 34.Bh2 c4 35.Bf3 Qc5+ 36.Kg2 g6
37.h4 Ng7 38.fxg6 hxg6 39.Nd2 Nf5 40.Nxe4 dxe4 41.Bxe4 Rxe4  0-1

[Event "Western Class Championships"]
[Site "Agoura Hills USA"]
[Date "2004.01.18"]
[Round "4"]
[White "Van Buskirk,C"]
[Black "Hermansen,R"]
[Result "1-0"]
[WhiteElo "2292"]
[BlackElo "2226"]

1.d4 Nf6 2.c4 e6 3.Nc3 Bb4 4.f3 Nc6 5.e4 e5 6.a3 Bxc3+ 7.bxc3 d6 8.Be3 Qe7
9.Bd3 Nb8 10.Ne2 c5 11.d5 Nh5 12.g4 Nf6 13.Ng3 h5 14.g5 Nh7 15.h4 g6 16.Ra2 Qc7
17.Rf2 Qa5 18.Qb3 Nd7 19.O-O f6 20.f4 fxg5 21.fxg5 Rf8 22.Be2 a6 23.Rxf8+ Nhxf8
24.Nxh5 b5 25.Nf6+ Ke7 26.Ng8+ Kd8 27.h5 bxc4 28.Qb2 gxh5 29.Bxh5 Kc7 30.Nf6 Nxf6
31.Rxf6 Bd7 32.g6 Nxg6 33.Bxg6 Rb8 34.Qc2 Rb3 35.Rf7 Rxc3 36.Bd2 Rg3+ 37.Kh2 Qxa3
38.Bf5 Rh3+ 39.Bxh3 Qxh3+ 40.Kg1 Qg3+ 41.Kf1 Qh3+ 42.Ke1 Qh4+ 43.Rf2 Bg4
44.Ba5+ Kd7 45.Qxc4 Bf3 46.Bd2 Bxe4 47.Qa4+ Ke7 48.Bg5+ Qxg5 49.Qxe4  1-0

[Event "Western Class Championships"]
[Site "Agoura Hills USA"]
[Date "2004.01.19"]
[Round "6"]
[White "Van Buskirk,C"]
[Black "Del Pilar,R"]
[Result "1-0"]
[WhiteElo "2292"]
[BlackElo "2272"]

1.d4 Nf6 2.c4 e6 3.Nc3 Bb4 4.f3 d5 5.a3 Be7 6.e4 dxe4 7.fxe4 e5 8.d5 Bc5
9.Nf3 Ng4 10.Na4 Bf2+ 11.Ke2 f5 12.h3 Bg3 13.hxg4 fxe4 14.Qc2 exf3+ 15.gxf3 Qf6
16.Be3 h5 17.Qe4 h4 18.Kd2 O-O 19.Bd3 g6 20.c5 Kg7 21.Nc3 c6 22.Raf1 Na6
23.f4 cxd5 24.Nxd5 Qc6 25.Qxe5+ Kh7 26.Qh5+ Kg8 27.Ne7+ Kg7 28.Bd4+  1-0

[Event "1st WinTV Open"]
[Site "Chennai IND"]
[Date "2004.01.21"]
[Round "1"]
[White "Himanshu,K"]
[Black "Prasad,D"]
[Result "1/2-1/2"]
[WhiteElo "2076"]
[BlackElo "2395"]

1.d4 Nf6 2.c4 e6 3.Nc3 Bb4 4.f3 d5 5.a3 Bxc3+ 6.bxc3 c5 7.cxd5 exd5 8.e3 O-O
9.Bd3 b6 10.Ne2 Ba6 11.O-O Bxd3 12.Qxd3 Re8 13.Ng3 Nc6 14.Ra2 Qd7 15.Re2 Rad8
16.Rd1 g6 17.Bb2 c4 18.Qc2 h5 19.e4 h4 20.Nf1 dxe4 21.fxe4 h3 22.Rde1 b5
23.Ng3 Kg7 24.Rf1 Rh8  1/2-1/2

[Event "Open"]
[Site "Praha CZE"]
[Date "2004.01.23"]
[Round "9"]
[White "Kantorik,M"]
[Black "Stoeckmann,H"]
[Result "0-1"]
[WhiteElo "2379"]
[BlackElo "2178"]

1.d4 Nf6 2.c4 e6 3.Nc3 Bb4 4.f3 d5 5.a3 Bxc3+ 6.bxc3 c6 7.e3 O-O 8.Bd3 Nbd7
9.Ne2 e5 10.Ng3 Re8 11.cxd5 cxd5 12.O-O e4 13.fxe4 dxe4 14.Bc2 Nb6 15.a4 Nc4
16.Qe2 Qd5 17.Rb1 Bg4 18.Qf2 Bd7 19.h3 Rac8 20.Qe2 b6 21.Rb4 Na5 22.Bd2 Rc7
23.Rf4 Qc6 24.Rb1 Nc4 25.Bc1 Na5 26.Bd2 Nc4 27.Rd1 Nd5 28.Rxe4 Nxd2 29.Rxd2 Qxc3
30.Rxe8+ Bxe8 31.Nf1 Nb4 32.Bd1 Qc4 33.Qf3 Bc6 34.Qg3 Rc8 35.Qd6 a5 36.Bg4 Rf8
37.Qc7 Nd5 38.Qd6 Nf6 39.Bf3 Ne4 40.Bxe4 Bxe4 41.Qxb6 Qxa4 42.d5 Qb4 43.Qxb4 axb4
44.Rd4 f5 45.Nd2 Rb8 46.d6 Bc6 47.Nb3 Kf7 48.d7 Ke7 49.Nc5 Rd8 50.Rxb4 Bxd7
51.Rb7 Kd6 52.Nb3 Ra8 53.Nd4 Ra2 54.Rb8 Ke7 55.Rh8 h6 56.Rb8 Rd2 57.Rb7 Kd6
58.Ra7 f4 59.Nf3 fxe3 60.Ra6+ Kc5 61.Ra7 Rd1+ 62.Kh2 e2 63.Kg3 Kb6 64.Ra8 e1=Q+
65.Nxe1 Rxe1 66.Rg8 Re7 67.Kf4 Kc6 68.g4 Kd6 69.h4 Rf7+ 70.Kg3 Ke5 71.Ra8 Bc6
72.Ra5+ Bd5 73.h5 Rb7 74.Kh4 Rb2 75.Ra6 Kf4 76.Ra4+ Be4 77.Kh3 Rb1  0-1